| 000 | 01284nam0a22003251 4500 | ||
|---|---|---|---|
| 001 | RU\NLR\BIBL_A\022705855 | ||
| 005 | 20260129094736.0 | ||
| 010 | _9100 | ||
| 021 |
_aRU _b85-84589 |
||
| 035 | _a(NLR Aleph) 022705855 | ||
| 035 | _a(RuMoRGB)011088784 | ||
| 090 |
_a13536444 _c13536444 |
||
| 100 | _a20260121d1985 u y0rusy50 ca | ||
| 101 | 0 | _arus | |
| 102 | _aRU | ||
| 105 | _aa 000|y | ||
| 181 | 0 |
_ai _baxxe |
|
| 182 | 0 | _an | |
| 200 | 1 |
_aСтационарная задача об инициировании гетерогенно-каталитической реакции _fЕ. Л. Печатников |
|
| 203 |
_aТекст _bвизуальный _cнепосредственный |
||
| 210 |
_aЧерноголовка _cОтд-ние ордена Ленина Ин-та химической физики АН СССР _d1985 |
||
| 215 |
_a19, [1] с. _cил. _d22 см |
||
| 225 | 1 |
_aПрепринт _fАкадемия наук СССР, Отделение ордена Ленина Института химической физики |
|
| 300 | _aБез тит. л. Описано по обл. | ||
| 320 | _aБиблиогр.: с. 19 | ||
| 700 | 1 |
_aПечатников _bЕ. Л. |
|
| 852 |
_aNLR _j85-6/7780 |
||
| 942 | _cBOOK | ||
| 980 | _aNB | ||